000 00687nam a2200217Ia 4500
005 20260601193223.0
008 260601s9999||||xx |||||||||||||| ||und||
020 _a978-981-99-8696-5
_qebk
100 _aDiana Benavides-Prado
245 0 _aData Science and Machine Learning
250 _a1st ed. 2024
260 _aHeidelberg, Germany
_bSpringer Nature
_c2024
440 _aCommunications in Computer and Information Science
650 _aComputer Science
700 _aPhilippe Fournier-Viger
700 _aSarah Erfani
700 _aYee Ling Boo
700 _aYun Sing Koh
856 _uhttps://link.springer.com/openurl?genre=book&isbn=978-981-99-8696-5
942 _cEB
_2ddc
999 _c55859
_d55859